| 000 | 01030nam a2200265Ia 4500 | ||
|---|---|---|---|
| 003 | OSt | ||
| 005 | 20220923211053.0 | ||
| 006 | a|||||r|||| 00| 0 | ||
| 007 | ta | ||
| 008 | 220922b |||||||| |||| 00| 0 hin d | ||
| 020 |
_a8177142208 (hbk) _c250 |
||
| 024 | _a276,612 | ||
| 037 |
_b215, 23/09/2013, Swaraj Prakashan _cTextual |
||
| 040 |
_aARTS _cARTS _bhin |
||
| 041 |
_2hin _ahin |
||
| 082 | _aO152,1N177:g, P6;Q1 | ||
| 100 |
_aनवल, नन्दकिशोर _9157869 |
||
| 245 | 0 | _aमुक्तिबोध की कविताएॅं बिम्ब प्रतिबिम्ब | |
| 246 | _aMuktibodh kī kavitāeॅan bimba pratibimba | ||
| 260 |
_aनयी दिल्ली _b प्रकाशन संस्थान _c2011 |
||
| 300 |
_a159पृ. _ccm. |
||
| 650 |
_aहिन्दी साहित्य _9156264 |
||
| 942 |
_hO152,1N177:g, P6;Q1 _cTEXL _2CC |
||
| 999 |
_c294812 _d294812 |
||